| 000 | 00707nam a2200229 i 4500 | ||
|---|---|---|---|
| 001 | 91838 | ||
| 003 | ES-MaACL | ||
| 005 | 20240305180122.0 | ||
| 007 | t| | ||
| 008 | 050223s2003 sp a |||| | spa d | ||
| 020 | _a84-607-8994-5 | ||
| 080 | _a37.014.5(460) | ||
| 080 | _a37(460)"1975/..." | ||
| 245 | 0 | 3 |
_aLa calidad de la enseñanza a lo claro / _c[elaboran, Paco Bastida ... et al.]. |
| 260 |
_aBarcelona : _bColectivo a la Claro, _c[2003] |
||
| 300 |
_a106 p. : _bil. ; _c21 cm. |
||
| 504 | _aBibliografía: p. 105-106. | ||
| 650 | 1 | 4 |
_aEficacia en la enseñanza. _9170704 |
| 650 | 7 |
_aEnseñanza- _zEspaña- _yS.XX _2 _9139558 |
|
| 852 |
_aES-MaACL _jL-28878 |
||
| 999 |
_c91838 _d91838 |
||